00239 a2200109 4500001000700000020000600007040001100013100002700024240003700051245003200088362000900120172011 a  cMagnum aPotyguar, Carlos Magno10aOs misterios de clara venuslpor10aOs misterios de clara venus0 a1899